000 00992cam a2200325 a 4500
001 4469551
003 ARRUPE
005 20131028171147.0
008 891011s1989 nyu b 001 0 eng
010 _a89035014
020 _a0824509625 :
035 _a(OCoLC)19975736
035 _a(OCoLC)ocm19975736
035 _a(NNC)4469551
040 _dNNUT
_cDLC
041 1 _aeng
_hger
050 0 _aBT75.2
_b.K3413 1989
090 _aBT75.2
_b.K3413 1989
100 1 _aKasper, Walter,
_d1933-
_93044
245 1 0 _aTheology and church /
_cWalter Kasper.
260 _aNew York :
_bCrossroad,
_c1989.
300 _ax, 231 p. ;
_c24 cm.
500 _a"Translated by Margaret Kohl from the German: Theologie und Kirche (introduction and parts II and III)"--T.p. verso.
504 _aIncludes bibliographical references and index.
610 2 0 _aCatholic Church
_xDoctrines.
_93045
650 0 _aTheology.
_93046
650 0 _aChurch.
_93047
942 _2lcc
_cMONOGRAPH
999 _c118472
_d118472